书目信息 |
| 题名: |
居住环境和公共场所有害因素及其防治
|
|
| 作者: | 刘君卓 编写 | |
| 分册: | ||
| 出版信息: | 北京 化学工业出版社 2000 |
|
| 页数: | 107页 | |
| 开本: | 32开 | |
| 丛书名: | ||
| 单 册: | ||
| 中图分类: | X503.1 | |
| 科图分类: | ||
| 主题词: | 环境污染 , 环境污染--污染防治 | |
| 电子资源: | ||
| ISBN: | 7-5025-2792-3 | |
| 000 | 00640nam0 2200205 45 | |
| 001 | 0106201563 | |
| 005 | 20031219104051.2 | |
| 010 | @a7-5025-2792-3@dCNY7.00 | |
| 100 | @a20010620d2000 km y0chiy0120 ea | |
| 101 | 0 | @achi |
| 105 | @a z 000yy | |
| 200 | 1 | @a居住环境和公共场所有害因素及其防治@AJu Zhu Huan Jing He Gong Gong Chang Suo You Hai Yin Su Ji Qi Fang Zhi@f刘君卓编写@FLiu Jun Zhuo Bian Xie |
| 210 | @a北京@c化学工业出版社@d2000 | |
| 215 | @a107页@d32开 | |
| 606 | 0 | @a环境污染 |
| 606 | 0 | @a环境污染@x污染防治 |
| 690 | @aX503.1@v4 | |
| 701 | @a刘君卓@4编写 | |
| 801 | @aCN@bTSTC@c20011024 | |
| 905 | @b299856-861@dX503.1@e14@f6 | |
| 居住环境和公共场所有害因素及其防治/刘君卓编写.-北京:化学工业出版社,2000 |
| 107页;32开 |
| ISBN 7-5025-2792-3:CNY7.00 |
| ● |
| 相关链接 |
|
|
|
|
正题名:居住环境和公共场所有害因素及其防治
索取号:X503.1/14
 
预约/预借
| 序号 | 登录号 | 条形码 | 馆藏地/架位号 | 状态 | 备注 |
| 1 | 0299856 | 202998569 | 第三借阅区/ [索取号:X503.1/14] | 在馆 | |
| 2 | 0299857 | 202998578 | 第三借阅区/ [索取号:X503.1/14] | 在馆 | |
| 3 | 0299858 | 202998587 | 第三借阅区/ [索取号:X503.1/14] | 在馆 | |
| 4 | 0299859 | 202998596 | 第三借阅区/ [索取号:X503.1/14] | 在馆 | |
| 5 | 0299860 | 202998603 | 第三借阅区/ [索取号:X503.1/14] | 在馆 | |
| 6 | 0299861 | 202998612 | 第二样本阅览室/ [索取号:X503.1/14] | 在馆 |